000 00724cam a22002411 4500
001 sa 67004509
003 DLC
005 20260227112347.0
008 881102s1966 ii 000 0 hino
010 _asa 67004509
035 _a(OCoLC)23543302
040 _aDLC
_cMiU
_dNRU
_dDLC
042 _apremarc
050 0 0 _aPK2036
_b.P28
100 1 _aPandey, Rajkishor,
_d1920-
245 1 0 _aHindī sāhitya kā prārambhika yuga.
_c[Lekhaka] Rājakiśore Pāṇdeya.
250 _a[1. saṃskaraṇa]
260 _aHaiderābāda [Bhārata]
_bNavahinda Prakāśana
_c[1966]
300 _a212 p.
_c22 cm.
500 _aIn Hindi.
504 _aBibliogrpahy: p. 202-204.
650 0 _aHindi literature
_xHistory and criticism.
999 _c74542
_d74542